Statistics for Past 10 Denver Broncos QBs

Click here to take the quiz!

General Stats

  • This quiz has been taken 11 times
  • The average score is 8 of 10

Answer Stats

HintAnswer% Correct
22 and 23Wilson
100%
20Lock
91%
12-15Manning
91%
21Bridgewater
82%
07 and 08Cutler
73%
19Flacco
73%
18Keenum
73%
09 and 10Orton
73%
11Tebow
73%
16 and 17Siemian
64%

Score Distribution

Percentile by Number Answered

Percent of People with Each Score

Your Score History

You have not taken this quiz